000 00342nam a22001457a 4500
008 221108b ||||| |||| 00| 0 eng d
020 _a9781118700679
041 _aeng
080 _a611
082 _a611 TOR
100 _a10
101 _aANA
245 _aA BRIEF ATLAS OF THE SKELETON AND SURFACE ANATOMY
_cTORTORA G
942 _2udc
_cBK
999 _c58797
_d58797